| Tag |
First Indicator |
Second Indicator |
Subfields |
| LEADER |
00000cam a2200000 4500 |
| 001 |
in00003824513 |
| 005 |
20190415190306.0 |
| 006 |
m o d |
| 007 |
cr |n||||||||n |
| 008 |
901205s1773 ie |||| o o00||||eng c |
| 035 |
|
|
|a (CU-RivES)T202448
|
| 035 |
|
|
|a (Uk-ES)006296982
|
| 035 |
|
|
|a (OCoLC)509732171
|
| 040 |
|
|
|a Uk-ES
|c Uk-ES
|d CU-RivES
|d CStRLIN
|d CU-RivES
|d Cengage Gale
|d UtOrBLW
|
| 110 |
1 |
|
|a Ireland.
|b Parliament.
|b House of Lords.
|
| 240 |
1 |
0 |
|a Proceedings. 1773-10-13
|
| 245 |
1 |
4 |
|a The humble address of the Lords Spiritual and Temporal in Parliament assembled, to His Excellency Simon, Earl Harcourt, lord lieutenant general, and general governour of Ireland. Published by authority.
|
| 264 |
|
3 |
|a [Dublin] :
|b Printed by Oli. Nelson, in Skinner-Row,
|c M,DCC,LXXIII. [1773]
|
| 300 |
|
|
|a 1 online resource (4 pages)
|
| 336 |
|
|
|a text
|b txt
|2 rdacontent
|
| 337 |
|
|
|a computer
|b c
|2 rdamedia
|
| 338 |
|
|
|a online resource
|b cr
|2 rdacarrier
|
| 500 |
|
|
|a Presented on October 13, 1773.
|
| 509 |
|
|
|a Verify imprint wording
|
| 510 |
4 |
|
|a English Short Title Catalog,
|c T202448.
|
| 500 |
|
|
|a Reproduction of original from National Library of Ireland.
|
| 500 |
|
|
|a Electronic resource.
|
| 600 |
0 |
0 |
|a George
|b II,
|c King of Great Britain,
|d 1683-1760.
|0 http://id.loc.gov/authorities/names/n83041856
|
| 655 |
|
7 |
|a Electronic books.
|2 local
|
| 710 |
2 |
|
|a Gale (Firm)
|0 http://id.loc.gov/authorities/names/no2008071348
|
| 752 |
|
|
|a Ireland
|d Dublin.
|
| 856 |
4 |
0 |
|u http://proxy.library.tamu.edu/login?url=http://find.galegroup.com/ecco/infomark.do?contentSet=ECCOArticles&docType=ECCOArticles&bookId=1559602000&type=getFullCitation&tabID=T001&prodId=ECCO&docLevel=TEXT_GRAPHICS&version=1.0&source=library&userGroupName=txshracd2898
|z Connect to the full text of this electronic book
|t 0
|
| 999 |
f |
f |
|s e367aae0-94d0-31dd-ab51-4f6fd4c19ca3
|i 88adc5d9-2e88-39bc-862f-f7cb72b566f1
|t 0
|
| 952 |
f |
f |
|a Texas A&M University
|b College Station
|c Electronic Resources
|d Available Online
|t 0
|h No information provided
|
| 998 |
f |
f |
|t 0
|l Available Online
|